000 00404nam a22001697a 4500
003 MPLRDC
005 20220104114039.0
008 210129b ||||| |||| 00| 0 eng d
082 _a802.81 FH
100 _a不详
245 _a详解三字经
_c
250 _a第二版
260 _a
_b风华出版事业公司
_c1990
300 _b
650 _a华文读本--三字经
942 _cBK
_o802.81 FH
999 _c4392
_d4382